00322nam a2200133Ia 4500008004100000041000800041082001700049100002300066245002900089260002200118300000900140365001600149700002300165230718s9999 xx 000 0 und d aeng a954.001bMAT aMathew M. (Editor) aManorama Year Book 2011  bMalayala Manorama a1038 cRs.b160.00 aMathew M. (Editor)